LIBRARY & INFORMATION CENTRE, KCAET, TAVANUR

ONLINE PUBLIC ACCESS CATALOGUE (OPAC)

Laboratory Manual of Biochemistry (Record no. 14279)

MARC details
000 -LEADER
fixed length control field 00321nam a22001337a 4500
020 ## - INTERNATIONAL STANDARD BOOK NUMBER
ISBN 9789382664031
082 ## - DEWEY DECIMAL CLASSIFICATION NUMBER
Classification number 574.192
Item number RAM/LA
100 ## - MAIN ENTRY--AUTHOR NAME
Personal name Rameshan,P
245 ## - TITLE STATEMENT
Title Laboratory Manual of Biochemistry
250 ## - EDITION STATEMENT
Edition statement 1
260 ## - PUBLICATION, DISTRIBUTION, ETC. (IMPRINT)
Place of publication Jaipur
Name of publisher Satyam Publishers and Distributors
Year of publication 2013
300 ## - PHYSICAL DESCRIPTION
Number of Pages 250
942 ## - ADDED ENTRY ELEMENTS (KOHA)
Koha item type Books
Holdings
Withdrawn status Lost status Damaged status Collection code Home library Current library Shelving location Date acquired Source of acquisition Cost, normal purchase price Full call number Accession Number Koha item type
        KAUAET KAUAET General Stacks 13/06/2016 Professional Books Cochin 895.00 574.192 RAM/LA 24244 Books
free website counter